00664nam a22001937a 4500003000900000008004100009040007100050082001800121100002300139245008500162260003300247300002800280440003500308505002300343650002400366650002600390650001300416700004100429AR-CdUCM190511b ||||| |||| 00| 0 spa d aMUNICIPALIDAD PROVINCIAL DEL CUSCOcBIBLIOTECA MUNICIPAL DEL CUSCO a848.71 /bH88 aHugo, Victor Marie aRayos y sombras :bCantos del crepúsculo, Voces interiores, Hojas de otoño / aBarcelona :bRamón Sopena. a300 páginas ;c24 cm. aBiblioteca de Grandes Novelas. aContenido: Novela. aNovelas españolas aLiteratura española aSiglo XX aPedraza y Paez, Pedro (traducción)